00389nam a2200145Ia 4500003000900000008004100009020001800050040001600068080001300084100001400097245006300111260003500174300001600209650001800225IN-BaIIA211028s9999 xx 000 0 eng d a81-86852-76-X cIIA Library aGENbHAW aHawley, J 4aThe Bhagavad gitabA walkthrough for westernerscJ. Hawley aChennaibEast-West Booksc2001 axxvi, 194p. aBhagavad Gita